| 000 | 01198cam a22002535a 4500 | ||
|---|---|---|---|
| 001 | 17477986 | ||
| 005 | 20180507122904.0 | ||
| 008 | 120926t2014 mau frb 001 0 eng d | ||
| 020 | _a9781449698195 | ||
| 040 |
_aDNLM/DLC _cDLC _dDLC _dEG-ScBUE _beng |
||
| 043 | _an-us--- | ||
| 082 | 0 | 4 |
_222 _a615.1 _bINT |
| 245 | 0 | 0 |
_aIntroduction to the pharmacy profession / _cAnnesha W. Lovett ... [et al.] |
| 260 |
_aBurlington : _bJones & Bartlett Learning, _cc.2014. |
||
| 300 |
_axxii, 250 p. ; _c23 cm. |
||
| 500 | _aIncludes online access code. | ||
| 504 | _aIncludes bibliographical references and index. | ||
| 505 | 0 | _aWhat is pharmacy? -- Pharmacy within US health delivery -- Educational opportunities for pharmacists -- Resume writing and interviewing -- Gaining experience during pharmacy school : how to prepare -- Pharmacist salaries & occupation statistics -- The future of the profession -- Additional resources/websites : list of pharmacy organizations -- Pharmacy career assessment tool -- Pharmacist profiles. | |
| 650 | 7 |
_aPharmacy _xVocational guidance _zUnited States. _910126 _2BUEsh |
|
| 651 | _2BUEsh | ||
| 653 |
_bPPhrm _cMay2018 |
||
| 700 | 1 | _aLovett, Annesha W. | |
| 942 | _2ddc | ||
| 999 |
_c26645 _d26617 |
||